000 00312nam a2200109Ia 4500
008 220204s9999 xx 000 0 und d
082 _aNR:016RBF
_bRRI.1
100 _aSujatha, V R
245 0 _aRubber based farming systems: An annotated bibliography. Articles.A-P
260 _aKottayam
_bRRII
_c2005
942 _cBK
999 _c44302
_d44302